000 00600cam a22002053a 4500
001 45083
003 PGUSA
005 20140828084030.0
008 140308s2014||||xxu|||||s|||||000 | eng d
040 _aPGUSA
_beng
042 _adc
100 1 _aHodgson, Fred T.
245 1 4 _aThe Library of Work and Play :
_bMechanics, Indoors and Out
_h[electronic resource] /
_cFred T. Hodgson
260 _bProject Gutenberg,
_c2014
506 _aPublic domain in the USA.
516 _aElectronic text
830 0 _aProject Gutenberg
_v45083
856 4 0 _uhttp://www.gutenberg.org/ebooks/45083
942 _cEB
999 _c274334
_d274334